THE 48 LAWS OF POWER (Record no. 215955)
[ view plain ]
| 000 -LEADER | |
|---|---|
| fixed length control field | 00498nam a22001697a 4500 |
| 008 - FIXED-LENGTH DATA ELEMENTS--GENERAL INFORMATION | |
| fixed length control field | 250722b |||||||| |||| 00| 0 eng d |
| 020 ## - INTERNATIONAL STANDARD BOOK NUMBER | |
| International Standard Book Number | 978 1 86197 278 1 |
| 050 ## - LIBRARY OF CONGRESS CALL NUMBER | |
| Classification number | BD 438 G74 2000 |
| 100 ## - MAIN ENTRY--PERSONAL NAME | |
| Personal name | GREENE, ROBERT |
| 245 ## - TITLE STATEMENT | |
| Title | THE 48 LAWS OF POWER |
| 260 ## - PUBLICATION, DISTRIBUTION, ETC. | |
| Place of publication, distribution, etc. | LONDON |
| Name of publisher, distributor, etc. | PROFILE BOOKS |
| Date of publication, distribution, etc. | 2000 |
| 300 ## - PHYSICAL DESCRIPTION | |
| Extent | XXIII, 452 P. |
| 500 ## - GENERAL NOTE | |
| General note | INCLUDES BIBLIOGRAPHICAL REFERENCES AND INDEX |
| 650 ## - SUBJECT ADDED ENTRY | |
| Topical term or geographic name entry element | 1. POWER (PHILOSOPHY) 2. CONTROL (PSYCHOLOGY) |
| 942 ## - ADDED ENTRY ELEMENTS (KOHA) | |
| Source of classification or shelving scheme | Library of Congress Classification |
| Koha item type | Long Loan Book |
| Withdrawn status | Lost status | Source of classification or shelving scheme | Damaged status | Not for loan | Collection | Home library | Current library | Shelving location | Date acquired | Inventory number | Total checkouts | Total renewals | Full call number | Barcode | Date due | Date last seen | Date last checked out | Copy number | Price effective from | Koha item type |
|---|---|---|---|---|---|---|---|---|---|---|---|---|---|---|---|---|---|---|---|---|
| Library of Congress Classification | Arts & Social Sciences | Kisii University Library | Kisii University Library | On Display | 07/22/2025 | 109315 | 5 | 2 | BD 438 G74 2000 | 000000024458 | 05/07/2026 | 04/23/2026 | 04/23/2026 | 1 | 07/22/2025 | Long Loan Book | ||||
| Library of Congress Classification | Arts & Social Sciences | Kisii University Library | Kisii University Library | On Display | 07/22/2025 | 109316 | BD 438 G74 2000 | 000000024457 | 07/22/2025 | 2 | 07/22/2025 | Long Loan Book | ||||||||
| Library of Congress Classification | Arts & Social Sciences | Kisii University Library | Kisii University Library | On Display | 07/22/2025 | 109317 | BD 438 G74 2000 | 000000024456 | 07/22/2025 | 3 | 07/22/2025 | Long Loan Book | ||||||||
| Library of Congress Classification | Arts & Social Sciences | Kisii University Library | Kisii University Library | On Display | 07/22/2025 | 109318 | 9 | 5 | BD 438 G74 2000 | 000000024509 | 04/17/2026 | 04/02/2026 | 4 | 07/22/2025 | Long Loan Book | |||||
| Library of Congress Classification | Arts & Social Sciences | Kisii University Library | Kisii University Library | On Display | 07/22/2025 | 109319 | 5 | BD 438 G74 2000 | 000000024508 | 02/16/2026 | 01/29/2026 | 5 | 07/22/2025 | Long Loan Book | ||||||
| Library of Congress Classification | Arts & Social Sciences | Kisii University Library | Kisii University Library | On Display | 01/05/2026 | 110626 | 3 | 1 | BD 438 .G74 2000 | 000000002805 | 04/30/2026 | 04/15/2026 | C.6 | 01/05/2026 | Long Loan Book | |||||
| Library of Congress Classification | Arts & Social Sciences | Kisii University Library | Kisii University Library | On Display | 01/05/2026 | 110627 | 1 | BD 438 .G74 2000 | 000000002806 | 05/04/2026 | 04/20/2026 | 04/20/2026 | C.7 | 01/05/2026 | Long Loan Book | |||||
| Library of Congress Classification | Arts & Social Sciences | Kisii University Library | Kisii University Library | On Display | 01/05/2026 | 110628 | 2 | 1 | BD 438 .G74 2000 | 000000001841 | 06/17/2026 | 03/19/2026 | 03/19/2026 | C.8 | 01/05/2026 | Long Loan Book | ||||
| Library of Congress Classification | Arts & Social Sciences | Kisii University Library | Kisii University Library | On Display | 01/05/2026 | 110629 | 1 | BD 438 .G74 2000 | 000000001842 | 04/02/2026 | 03/19/2026 | C.9 | 01/05/2026 | Long Loan Book | ||||||
| Library of Congress Classification | Arts & Social Sciences | Kisii University Library | Kisii University Library | On Display | 01/05/2026 | 110630 | 1 | 1 | BD 438 .G74 2000 | 000000001843 | 04/01/2026 | 03/04/2026 | C.10 | 01/05/2026 | Long Loan Book |